Studies on Diversity of Fungal Flora Associated with Crop Health of Piper Longum (Record no. 50072)

MARC details
000 -LEADER
fixed length control field 00471nam a22001697a 4500
003 - CONTROL NUMBER IDENTIFIER
control field OSt
008 - FIXED-LENGTH DATA ELEMENTS--GENERAL INFORMATION
fixed length control field 260416b |||||||| |||| 00| 0 eng d
082 ## - DEWEY DECIMAL CLASSIFICATION NUMBER
Classification number 589.2
Item number K98S
100 ## - MAIN ENTRY--PERSONAL NAME
Personal name Kumari, Anupam
245 ## - TITLE STATEMENT
Title Studies on Diversity of Fungal Flora Associated with Crop Health of Piper Longum
260 ## - PUBLICATION, DISTRIBUTION, ETC. (IMPRINT)
Place of publication, distribution, etc Pusa, Samastipur
Name of publisher, distributor, etc RAU, Pusa, Plant Pathology
Date of publication, distribution, etc 2012
300 ## - PHYSICAL DESCRIPTION
Extent 41P.
502 ## - DISSERTATION NOTE
Degree type Msc.
Year degree granted 2012
650 ## - SUBJECT ADDED ENTRY--TOPICAL TERM
Topical term or geographic name as entry element Plant Pathology
700 ## - ADDED ENTRY--PERSONAL NAME
Personal name Msc.
942 ## - ADDED ENTRY ELEMENTS (KOHA)
Source of classification or shelving scheme
Koha item type Thesis
Holdings
Withdrawn status Lost status Source of classification or shelving scheme Damaged status Not for loan Home library Current library Date acquired Total Checkouts Full call number Barcode Date last seen Bill Date Koha item type
          Dr. Rajendra Prasad Central Agricultural University Pusa, Dr. Rajendra Prasad Central Agricultural University Pusa, 16/04/2026   589.2 K98S 65845 16/04/2026 16/04/2026 Thesis
Hosted, Implemented, Customized & Maintained by: BestBookBuddies

Powered by Koha